[Event "Ch Slovenia (juniors) (under 18) (g)"]
[Site "masterchessopen.com Maribor (Slovenia)"]
[Round "0"]
[White "Srebrnic Ana (SLO)"]
[Black "Vucko Maja (SLO)"]
[Result "1-0"]
[WhiteElo "2172"]
[BlackElo "1919"]

1.Nf3 Nf6 2.c4 g6 3.Nc3 Bg7 4.e4 d6 5.d4 O-O 6.Be2 e5 7.O-O Nc6 8.d5 Ne7 9.Ne1
Ne8 10.Be3 f5 11.f3 Nf6 12.c5 a6 13.Rc1 f4 14.Bf2 dxc5 15.Qb3 Kh8 16.Nd3 c4
17.Qxc4 Ne8 18.Rfd1 Nd6 19.Qb3 b6 20.Rd2 Bb7 21.a4 Rf7 22.Rdc2 Nec8 23.a5 bxa5
24.Nc5 Nb6 25.Ne6 Qe7 26.Nxc7 Qxc7 27.Bxb6 Qe7 28.Na4 Qg5 29.Bf1 Raf8 30.Bc5
Rd8 31.Qb6 Nc8 32.Qxa5 Bf8 33.Bxf8 Rdxf8 34.Nc5 Nd6 35.Ne6 {#r} 1-0

[Event "Ch South Region (open)"]
[Site "masterchessopen.com Belorechensk (Russia)"]
[Round "0"]
[White "Kobylkin Evgeni (UKR)"]
[Black "Dashko Andrey (RUS)"]
[Result "1-0"]
[WhiteElo "2412"]
[BlackElo "2359"]

1.d4 Nf6 2.c4 g6 3.Nc3 Bg7 4.e4 O-O 5.Nf3 d6 6.Be2 Nc6 7.O-O e5 8.d5 Ne7 9.Ne1
Ne8 10.Be3 f5 11.f3 f4 12.Bf2 g5 13.c5 Ng6 14.cxd6 cxd6 15.a4 Rf7 16.a5 Bf8
17.b4 Nf6 18.Kh1 Rg7 19.Nb5 Nh5 20.Nxa7 Ng3+ 21.Bxg3 fxg3 22.Nxc8 Rxc8 23.hxg3
h5 24.Nd3 g4 25.fxg4 h4 26.g5 Qxg5 27.Bg4 Rc3 28.Be6+ Kh8 29.Rf5 Qxg3 30.Qh5+
Rh7 31.Qxg6 Qxg6 32.Rxf8+ Kg7 33.Rg8+ {#r} 1-0

[Event "Ch Spain (juniors) (under 18)"]
[Site "masterchessopen.com Oropesa (Spain)"]
[Round "6"]
[White "Porras Campo Ruben (ESP)"]
[Black "Moreno Mestre Julian (ESP)"]
[Result "0-1"]
[WhiteElo "2080"]
[BlackElo "2040"]

1.d4 Nf6 2.c4 g6 3.Nc3 Bg7 4.e4 d6 5.Nf3 O-O 6.Be2 e5 7.O-O Nc6 8.d5 Ne7 9.Ne1
Ne8 10.Nd3 f5 11.Bd2 Nf6 12.f3 c6 13.g4 Qd7 14.exf5 gxf5 15.g5 Ne8 16.f4 Ng6
17.Bh5 e4 18.Nf2 Bd4 19.Qe2 Ng7 20.Bxg6 hxg6 21.Kg2 Nh5 22.Nh1 a6 23.Ng3 Ng7
24.h4 Qe8 25.Be3 c5 26.h5 Nxh5 27.Nxh5 gxh5 28.Rh1 Kg7 29.Rxh5 Bxe3 30.Rah1
Bd4 31.Rh7+ Kg8 32.Qf2 Qg6 33.R1h6 Qxh6 34.Rxh6 Bxf2 {#R} 0-1

[Event "Ch Spain (team)"]
[Site "masterchessopen.com Barcelona (Spain)"]
[Round "7"]
[White "San Segundo Carrillo Pablo (ESP)"]
[Black "Paredes Galan Angel (ESP)"]
[Result "1-0"]
[WhiteElo "2500"]
[BlackElo "2285"]

1.d4 Nf6 2.Nf3 g6 3.c4 Bg7 4.Nc3 O-O 5.e4 d6 6.Be2 e5 7.O-O Nc6 8.d5 Ne7 9.Ne1
Ne8 10.Be3 f5 11.f3 f4 12.Bf2 h5 13.c5 g5 14.cxd6 cxd6 15.a4 Rf7 16.a5 Ng6
17.Nb5 a6 18.Nc3 Bh6 19.Na4 g4 20.fxg4 f3 21.Bxf3 hxg4 22.Bxg4 Qg5 23.Be6 Bxe6
24.dxe6 Rf4 25.Nb6 Rd8 26.Ra3 Nf6 27.Rg3 Rg4 28.Nf3 Qh5 29.Nd5 Nxe4 30.Ne1
{#r} 1-0

[Event "Ch State Michigan (open)"]
[Site "masterchessopen.com Lansing (USA)"]
[Round "4"]
[White "Stone Raymond (CAN)"]
[Black "Andrews Steven (USA)"]
[Result "1-0"]
[WhiteElo "2321"]
[BlackElo "2209"]

1.d4 Nf6 2.c4 g6 3.Nc3 Bg7 4.e4 d6 5.Nf3 O-O 6.Be2 Nc6 7.O-O e5 8.d5 Ne7 9.Ne1
Ne8 10.Nd3 f5 11.f4 fxe4 12.Nxe4 Nf5 13.fxe5 dxe5 14.Bg5 Nf6 15.g4 Nd4 16.Nxe5
Nxe2+ 17.Qxe2 Qe7 18.Nxf6+ Bxf6 19.Rxf6 Rxf6 20.Bxf6 Qxf6 21.Rf1 Qg5 22.h3 h5
23.Nf7 Bxg4 24.hxg4 Qh4 25.Nh6+ Kg7 26.Rf7+ Kxh6 27.Qe3+ Qg5 28.Rh7+ {#r} 1-0

[Event "Ch Sweden"]
[Site "masterchessopen.com Skara (Sweden)"]
[Round "5"]
[White "Barkhagen Jonas (SWE)"]
[Black "Hillarp Persson Tiger (SWE)"]
[Result "0-1"]
[WhiteElo "2458"]
[BlackElo "2482"]

1.d4 g6 2.c4 Bg7 3.e4 d6 4.Nf3 Nf6 5.Nc3 O-O 6.Be2 e5 7.O-O Nc6 8.d5 Ne7 9.Ne1
Ne8 10.Be3 f5 11.f3 Kh8 12.a4 Ng8 13.Nd3 f4 14.Bf2 h5 15.c5 g5 16.cxd6 cxd6
17.Nb5 Bd7 18.Nxa7 g4 19.Kh1 g3 20.Bg1 Rxa7 21.Bxa7 b6 22.Bxb6 Qxb6 23.h3 Qd8
24.Re1 Qh4 25.Bf1 Nh6 26.a5 Nf7 27.a6 Ng5 28.Qd2 Bxh3 29.gxh3 Nxf3 30.Qc2 Ng5
31.a7 Nc7 32.Re2 f3 33.Rh2 Na8 {#R} 0-1

[Event "Ch Sweden (team) 2003/04"]
[Site "masterchessopen.com Sweden"]
[Date "2004.03.13"]
[Round "10"]
[White "Renman Nils-Gustaf (SWE)"]
[Black "Sandstrom Ludvig (SWE)"]
[Result "1-0"]
[WhiteElo "2380"]
[BlackElo "2357"]

1.d4 Nf6 2.Nf3 g6 3.c4 Bg7 4.Nc3 O-O 5.e4 d6 6.Be2 e5 7.O-O Nc6 8.d5 Ne7 9.Ne1
Ne8 10.Nd3 f5 11.Bd2 Kh8 12.a4 Ng8 13.a5 Bh6 14.f4 exf4 15.Nxf4 Qe7 16.Bd3 Bg7
17.exf5 gxf5 18.Qh5 Qf7 19.Qh3 Be5 20.Ne6 Bxe6 21.dxe6 Qxe6 22.Bxf5 Rxf5
23.Qxf5 Qxc4 24.Ra4 Qc5+ 25.Kh1 Ng7 26.Qd3 {#r} 1-0

[Event "Ch Sweden (team) 2004/05"]
[Site "masterchessopen.com Sweden"]
[Date "2005.03.12"]
[Round "10"]
[White "Ziegler Ari (SWE)"]
[Black "Olsson Anders (SWE)"]
[Result "0-1"]
[WhiteElo "2335"]
[BlackElo "2406"]

1.d4 Nf6 2.c4 g6 3.Nc3 Bg7 4.e4 d6 5.Nf3 O-O 6.Be2 e5 7.O-O Nc6 8.d5 Ne7 9.Ne1
Ne8 10.Be3 f5 11.f3 f4 12.Bf2 g5 13.c5 Rf6 14.a4 h5 15.a5 Rg6 16.Nb5 g4
17.cxd6 Nxd6 18.Bh4 a6 19.Nxd6 cxd6 20.Qb3 Bf6 21.Bxf6 Rxf6 22.Nd3 Ng6 23.fxg4
hxg4 24.Nf2 f3 25.gxf3 Nf4 26.Bd1 gxf3 27.Bxf3 Rh6 28.Bg4 Qh4 29.h3 Bxg4
30.Nxg4 Nxh3+ 31.Qxh3 Qxh3 32.Nxh6+ Qxh6 33.Ra3 Kh8 {#R} 0-1

[Event "Ch Sweden (team) 2011/12"]
[Site "masterchessopen.com Sweden"]
[Date "2012.03.10"]
[Round "8"]
[White "Landgren Andreas (SWE)"]
[Black "Borvander Tom (SWE)"]
[Result "0-1"]
[WhiteElo "2163"]
[BlackElo "2174"]

1.d4 Nf6 2.c4 g6 3.Nc3 Bg7 4.e4 d6 5.Nf3 O-O 6.Be2 e5 7.O-O Nc6 8.d5 Ne7 9.Ne1
Ne8 10.Be3 f5 11.f3 Kh8 12.c5 Ng8 13.Nd3 Bh6 14.Bxh6 Nxh6 15.f4 Qe7 16.Qd2 Nf7
17.Rae1 Nf6 18.Bf3 Bd7 19.c6 bxc6 20.dxc6 Bc8 21.b4 fxe4 22.Nxe4 Nxe4 23.Bxe4
Be6 24.Qc3 Kg8 25.fxe5 Bxa2 26.exd6 Qxd6 27.Rf6 Qd8 28.Bxg6 Nd6 29.Ref1 Rxf6
30.Rxf6 Qe7 31.Bf5 Qe3+ 32.Nf2 Qxc3 {#R} 0-1

[Event "Ch Turkey"]
[Site "masterchessopen.com Kusadasi (Turkey)"]
[Date "2004.03.07"]
[Round "12"]
[White "Yapici Mustafa (TUR)"]
[Black "Uzun Fuat (TUR)"]
[Result "0-1"]
[WhiteElo "1882"]
[BlackElo "2112"]

1.d4 Nf6 2.c4 g6 3.Nc3 Bg7 4.e4 d6 5.Nf3 O-O 6.Be2 e5 7.O-O Nc6 8.d5 Ne7 9.Ne1
Ne8 10.Nd3 f5 11.f3 h6 12.Bd2 f4 13.Rc1 g5 14.c5 Ng6 15.cxd6 cxd6 16.Nb5 Rf7
17.Nf2 h5 18.Qc2 a6 19.Na3 Bf8 20.Nc4 b6 21.Qb3 Rb8 22.Na5 Ne7 23.Rc2 Bd7
24.Nc4 Rg7 25.Rfc1 g4 26.Nxe5 dxe5 27.d6+ Kh7 28.dxe7 Qxe7 29.Nd3 Qh4 30.Bxf4
exf4 31.g3 gxf3 {#R} 0-1

[Event "Ch URS (farming team)"]
[Site "masterchessopen.com URS"]
[Round "0"]
[White "Kozlov Vladimir E (RUS)"]
[Black "Kuksov Valerij (RUS)"]
[Result "1-0"]
[WhiteElo "2376"]
[BlackElo "2286"]

1.d4 Nf6 2.c4 g6 3.Nc3 Bg7 4.e4 d6 5.Be2 O-O 6.Nf3 e5 7.O-O Nc6 8.d5 Ne7 9.Ne1
Ne8 10.f3 f5 11.g4 c5 12.Ng2 Kh8 13.Bd2 Ng8 14.Rb1 Bh6 15.gxf5 gxf5 16.f4 exf4
17.Bxf4 Ng7 18.Qd2 Bxf4 19.Qxf4 Ne7 20.Nh4 Rg8 21.Kh1 fxe4 22.Nxe4 Nef5
23.Nxf5 Nxf5 24.Bd3 b6 25.Rg1 Rxg1+ 26.Rxg1 Qe7 {#r} 1-0

[Event "Ch USA (juniors)"]
[Site "masterchessopen.com Saint Louis (USA)"]
[Date "2010.07.17"]
[Round "7"]
[White "Zhao Parker (USA)"]
[Black "Robson Ray (USA)"]
[Result "0-1"]
[WhiteElo "2359"]
[BlackElo "2539"]

1.c4 Nf6 2.Nc3 g6 3.e4 d6 4.d4 Bg7 5.Nf3 O-O 6.Be2 e5 7.O-O Nc6 8.d5 Ne7 9.Ne1
Ne8 10.Be3 f5 11.f3 f4 12.Bf2 g5 13.c5 Ng6 14.Rc1 Nf6 15.cxd6 cxd6 16.Nb5 g4
17.g3 h5 18.Ng2 h4 19.Nc7 hxg3 20.hxg3 fxg3 21.Be3 Nf4 22.Bxf4 exf4 23.Nxa8
Nh7 24.fxg4 Ng5 25.Nxf4 Rxf4 26.Kg2 Rxe4 27.Bf3 Re3 28.Rc4 Bd7 29.Nc7 b5
30.Rc1 Qf6 31.Ne6 Nxf3 32.Nxg7 Nh4+ 33.Kg1 Qxg7 34.Rc3 Rxc3 35.bxc3 Qxc3 {#R}
0-1

[Event "Ch Ukraine"]
[Site "masterchessopen.com Sevastopol (Ukraine)"]
[Round "1"]
[White "Rusjanovsky Oleg (UKR)"]
[Black "Kremeta Igor (UKR)"]
[Result "1-0"]
[WhiteElo "2334"]
[BlackElo "2200"]

1.d4 d6 2.Nf3 g6 3.c4 Bg7 4.Nc3 Nf6 5.e4 O-O 6.Be2 e5 7.O-O Nc6 8.d5 Ne7 9.Ne1
Ne8 10.Nd3 f5 11.f4 exf4 12.Nxf4 Nf6 13.exf5 Nxf5 14.g4 Ne7 15.Bf3 h6 16.h4 h5
17.gxh5 gxh5 18.Ne6 Bxe6 19.dxe6 c6 20.Bg5 Qb6+ 21.Kh1 Qxb2 22.Rc1 Nf5 23.Rg1
Qb6 24.c5 dxc5 25.Qd3 Ng4 26.Bxg4 hxg4 27.Rxg4 c4 28.Qe2 Nd4 29.Qxc4 Rf3
30.Bh6 Nf5 31.Rxg7+ Nxg7 32.Qg4 {#r} 1-0

[Event "Ch Ukraine (1/2 final)"]
[Site "masterchessopen.com Alushta (Ukraine)"]
[Date "2011.05.06"]
[Round "4"]
[White "Borzov Dmitri (UKR)"]
[Black "Kasumov Ramyl (UKR)"]
[Result "1-0"]
[WhiteElo "2146"]
[BlackElo "1877"]

1.d4 Nf6 2.c4 g6 3.Nc3 Bg7 4.e4 d6 5.Nf3 O-O 6.Be2 e5 7.O-O Nc6 8.d5 Ne7 9.Ne1
Ne8 10.Be3 f5 11.f3 f4 12.Bf2 g5 13.c5 Rf7 14.a4 Bf8 15.a5 h5 16.Nb5 Rg7
17.cxd6 Nxd6 18.Nxa7 Bd7 19.Nd3 Ng6 20.Nc5 Rxa7 21.Nxd7 Ra8 22.Nc5 Qf6 23.Ne6
Rh7 24.b4 Bh6 25.b5 Nf8 26.a6 Nxe6 27.axb7 Rb8 28.Ra8 Qd8 29.dxe6 Nxb7 30.Rxb8
Qxb8 31.Qd5 Re7 32.Qxe5 Qc8 33.Rc1 Kh7 34.Qf5+ {#r} 1-0

[Event "Ch Ukraine (juniors) (under 16) (g)"]
[Site "masterchessopen.com Kiev (Ukraine)"]
[Round "0"]
[White "Cherednichenko Svetlana (UKR)"]
[Black "Aksionova Tatiana (UKR)"]
[Result "0-1"]
[WhiteElo "2171"]
[BlackElo "2209"]

1.d4 Nf6 2.c4 g6 3.Nc3 Bg7 4.e4 d6 5.Nf3 O-O 6.Be2 e5 7.O-O Nc6 8.d5 Ne7 9.Ne1
Ne8 10.Be3 f5 11.f3 f4 12.Bf2 h5 13.Rc1 g5 14.c5 Rf6 15.Qc2 Rg6 16.Nb5 g4
17.cxd6 cxd6 18.Nc7 Nxc7 19.Qxc7 Qf8 20.Bh4 Bf6 21.Bxf6 Qxf6 22.Qd8+ Kh7
23.Rc7 Rg7 24.Qe8 Qg5 25.Kh1 g3 26.Rxc8 Rxc8 27.Qd7 gxh2 28.Qh3 Rc1 29.Nd3 Rc2
30.Re1 Ng6 31.Bf1 Nh4 32.Rd1 Nxg2 {#R} 0-1

[Event "Ch Uruguay"]
[Site "masterchessopen.com Montevideo (Uruguay)"]
[Round "2"]
[White "Prado Rommel (URU)"]
[Black "Roselli Mailhe Bernardo (URU)"]
[Result "0-1"]
[WhiteElo "2161"]
[BlackElo "2400"]

1.d4 Nf6 2.c4 g6 3.Nc3 Bg7 4.e4 d6 5.Be2 O-O 6.Nf3 e5 7.O-O Nc6 8.d5 Ne7 9.Ne1
Ne8 10.Be3 f5 11.f3 f4 12.Bf2 h5 13.Nb5 a6 14.Na7 Bd7 15.c5 dxc5 16.Bxc5 Nd6
17.Rc1 Qb8 18.Kh1 Rd8 19.Qb3 Rxa7 20.Bxa7 Qxa7 21.Rxc7 Nec8 22.Nc2 Qb6 23.Qc3
Bf6 24.b3 Bb5 25.Re1 Bxe2 26.a4 Bb5 {#R} 0-1

[Event "Ch Uruguay"]
[Site "masterchessopen.com Montevideo (Uruguay)"]
[Date "2004.05.20"]
[Round "8"]
[White "Guerrero Alvaro (URU)"]
[Black "Etchevers Ignacio (URU)"]
[Result "0-1"]
[WhiteElo "2109"]
[BlackElo "2147"]

1.d4 Nf6 2.Nf3 g6 3.c4 Bg7 4.Nc3 O-O 5.e4 d6 6.Be2 e5 7.O-O Nc6 8.d5 Ne7 9.Ne1
Ne8 10.Be3 f5 11.f3 f4 12.Bf2 g5 13.a4 h5 14.a5 Rf6 15.c5 Rg6 16.c6 bxc6
17.dxc6 g4 18.fxg4 hxg4 19.Bh4 Bf6 20.Bxf6 Nxf6 21.Nd5 Nfxd5 22.Bc4 Kg7
23.Bxd5 Nxd5 24.exd5 Qh4 25.Qd2 Ba6 26.Qf2 Qh5 27.Ra3 Bxf1 28.Kxf1 Qxh2 29.Rb3
f3 30.gxf3 g3 31.Qg2 Rh8 32.Ke2 Qxg2+ 33.Nxg2 Rh2 34.Kf1 Rh1+ 35.Ke2 Rg1 {#R}
0-1

[Event "Ch Vietnam (juniors) (under 15)"]
[Site "masterchessopen.com Hue (Vietnam)"]
[Round "3"]
[White "Nguyen Thi Dung (VIE)"]
[Black "Luong Minh Hue (VIE)"]
[Result "0-1"]
[WhiteElo "2170"]
[BlackElo "2197"]

1.d4 Nf6 2.Nf3 g6 3.c4 Bg7 4.Nc3 O-O 5.e4 d6 6.Be2 e5 7.O-O Nc6 8.d5 Ne7 9.Ne1
Ne8 10.Be3 f5 11.f3 f4 12.Bf2 g5 13.b4 Ng6 14.Nd3 Rf7 15.Qb3 Nf6 16.Kh1 g4
17.Rac1 g3 18.hxg3 fxg3 19.Bxg3 Nh5 20.Be1 Bh6 21.Rc2 Bf4 22.Nxf4 exf4 23.Kg1
Ng3 24.Bd3 Qh4 25.c5 Ne5 26.Nb5 Rf6 27.Nxc7 Bg4 28.Be2 Bxf3 29.Qxf3 Nxf3+
30.Rxf3 {#R} 0-1

[Event "Ch World (juniors)"]
[Site "masterchessopen.com Copenhagen (Denmark)"]
[Round "2"]
[White "Sherwin James T (USA)"]
[Black "Larsen Bent (DEN)"]
[Result "1-0"]
[WhiteElo "2246"]
[BlackElo "2415"]

1.d4 Nf6 2.c4 g6 3.Nc3 Bg7 4.e4 d6 5.Nf3 O-O 6.Be2 e5 7.O-O Nc6 8.d5 Ne7 9.Ne1
c5 10.Nd3 Ne8 11.Be3 f5 12.f3 f4 13.Bf2 g5 14.b4 cxb4 15.Nxb4 Rf6 16.c5 Rg6
17.Rc1 Bd7 18.c6 Bc8 19.cxb7 Bxb7 20.Qa4 h5 21.Nc6 Nxc6 22.dxc6 Bc8 23.Nd5 Nc7
24.Qa5 Ne6 25.Qxd8+ Nxd8 26.Ne7+ Kf7 27.Nxg6 Kxg6 28.c7 Ne6 29.Bc4 Nxc7 30.Bb3
Nb5 31.Bd5 Rb8 32.Rb1 {#r} 1-0

[Event "Ch World (juniors) (under 10)"]
[Site "masterchessopen.com Oropesa (Spain)"]
[Round "8"]
[White "Rodshtein Maxim (ISR)"]
[Black "Swinkels Robin (NED)"]
[Result "1-0"]
[WhiteElo "2641"]
[BlackElo "2494"]

1.d4 Nf6 2.c4 g6 3.Nc3 Bg7 4.e4 d6 5.Nf3 O-O 6.Be2 e5 7.O-O Nc6 8.d5 Ne7 9.Ne1
Ne8 10.Be3 f5 11.f3 f4 12.Bf2 g5 13.Nd3 h5 14.Rc1 Ng6 15.c5 Rf7 16.b4 Bf8
17.b5 g4 18.fxg4 Qg5 19.gxh5 Bh3 20.Bf3 Nh8 21.Kh1 Bc8 22.g4 fxg3 23.Rg1 Qf6
24.Rxg3+ Rg7 25.Qe2 Nf7 26.Rcg1 dxc5 27.Rg6 Qd8 28.Rxg7+ Nxg7 29.Bxc5 Bxc5
30.Nxc5 Kh8 31.Qg2 Qf8 32.Qg6 Ne8 33.Nd3 Qg7 34.Nxe5 {#r} 1-0

[Event "Ch World (juniors) (under 12) (g)"]
[Site "masterchessopen.com Marina d'Or (Spain)"]
[Round "6"]
[White "Stojanovic Andjelija (SRB)"]
[Black "Muhren Bianca (NED)"]
[Result "0-1"]
[WhiteElo "2300"]
[BlackElo "2307"]

1.d4 Nf6 2.c4 g6 3.Nc3 Bg7 4.e4 d6 5.Nf3 O-O 6.Be2 e5 7.O-O Nc6 8.d5 Ne7 9.Ne1
Ne8 10.Be3 f5 11.f3 f4 12.Bf2 g5 13.c5 h5 14.Rc1 Ng6 15.Nb5 a6 16.Na3 Nf6
17.cxd6 cxd6 18.Nc4 g4 19.Bb6 Qe7 20.Na5 g3 21.Nd3 Nh7 22.Rxc8 Raxc8 23.h3 Qh4
24.Re1 Bf6 25.Nb4 Bd8 26.Nc4 Rxc4 27.Bxc4 Bxb6+ 28.Kh1 Bf2 29.Re2 Ng5 {#R} 0-1

[Event "Ch World (juniors) (under 14)"]
[Site "masterchessopen.com Vung Tau (Vietnam)"]
[Date "2008.10.24"]
[Round "6"]
[White "Hasenohr Benedict (SUI)"]
[Black "Huynh Lam Binh Nguyen (VIE)"]
[Result "1-0"]
[WhiteElo "2008"]
[BlackElo "2021"]

1.d4 Nf6 2.c4 g6 3.Nc3 Bg7 4.e4 d6 5.Be2 O-O 6.Nf3 e5 7.O-O Nc6 8.d5 Ne7 9.Ne1
Ne8 10.Nd3 f5 11.f3 f4 12.c5 h5 13.Bd2 Rf7 14.Rc1 Bf8 15.cxd6 cxd6 16.a4 Rg7
17.Nf2 g5 18.Nb5 Ng6 19.h3 Nf6 20.Bb4 Nh4 21.Kh2 a6 22.Na3 g4 23.fxg4 hxg4
24.Bxg4 Nxg4+ 25.hxg4 Nxg2 26.Kxg2 Bxg4 27.Nxg4 Qh4 28.Rg1 Qg3+ 29.Kf1 Qh3+
30.Ke1 Be7 31.Kd2 f3 32.Kc2 Rc8+ 33.Kb1 Rxc1+ 34.Qxc1 Rxg4 35.Qc8+ {#r} 1-0

[Event "Ch World (juniors) (under 16)"]
[Site "masterchessopen.com Kemer (Turkey)"]
[Date "2007.11.28"]
[Round "11"]
[White "Pavlidis Anastasios (GRE)"]
[Black "Davletbakov Saddam (KGZ)"]
[Result "1-0"]
[WhiteElo "2233"]
[BlackElo "2174"]

1.d4 Nf6 2.c4 g6 3.Nc3 Bg7 4.e4 d6 5.Nf3 O-O 6.Be2 e5 7.O-O Nc6 8.d5 Ne7 9.Ne1
Ne8 10.Be3 f5 11.f3 f4 12.Bf2 g5 13.c5 Ng6 14.a4 h5 15.a5 Nf6 16.cxd6 cxd6
17.Nb5 g4 18.Nxa7 g3 19.Bb6 Qe7 20.Nxc8 Raxc8 21.h3 Nh7 22.Bb5 Rf7 23.Qe2 Qh4
24.Nd3 Ng5 25.Rfc1 Rxc1+ 26.Rxc1 Nxh3+ 27.gxh3 Qxh3 28.Be8 Nh4 29.Bxf7+ Kxf7
30.Rc3 g2 31.Nf2 Qg3 32.b4 Ng6 33.Qb5 Nh4 34.Qd7+ Kg6 35.Qh3 {#r} 1-0

[Event "Ch World (juniors) (under 20)"]
[Site "masterchessopen.com Halle (Germany)"]
[Round "5"]
[White "Zhu Chunhui (CHN)"]
[Black "Gabriel Christian (GER)"]
[Result "0-1"]
[WhiteElo "2350"]
[BlackElo "2475"]

1.e4 g6 2.d4 Bg7 3.Nf3 d6 4.c4 Nf6 5.Nc3 O-O 6.Be2 e5 7.O-O Nc6 8.d5 Ne7 9.Ne1
Ne8 10.Be3 f5 11.f3 f4 12.Bf2 g5 13.c5 h5 14.a4 Rf6 15.a5 Rg6 16.cxd6 Nxd6
17.Nb5 g4 18.Qb3 g3 19.hxg3 fxg3 20.Bc5 Nef5 21.f4 Nxe4 22.Bb4 Ned6 23.Bxd6
cxd6 24.Bd3 e4 {#R} 0-1

[Event "Ch World (juniors) (under 20) (g)"]
[Site "masterchessopen.com Halle (Germany)"]
[Round "4"]
[White "Esirkepova Altyn (KAZ)"]
[Black "Schmid Shahanah (SUI)"]
[Result "1-0"]
[WhiteElo "2174"]
[BlackElo "2069"]

1.d4 Nf6 2.Nf3 g6 3.c4 d6 4.Nc3 Bg7 5.e4 O-O 6.Be2 e5 7.O-O Nc6 8.d5 Ne7 9.Ne1
Ne8 10.Nd3 f5 11.f4 fxe4 12.Nxe4 Nf5 13.fxe5 Bxe5 14.Nxe5 dxe5 15.Bg5 Qd7
16.Qd2 Qg7 17.Bg4 Ned6 18.Bxf5 Nxf5 19.g4 h6 20.gxf5 gxf5 21.Kh1 hxg5 22.Nxg5
Qf6 23.Rg1 Kh8 24.Qe2 Qh6 25.Qxe5+ Qf6 26.Qf4 {#r} 1-0

[Event "Ch World (seniors)"]
[Site "masterchessopen.com Bad Zwischenahn (Germany)"]
[Round "9"]
[White "Arkhangelsky Boris (RUS)"]
[Black "Goy Udo (GER)"]
[Result "1-0"]
[WhiteElo "2376"]
[BlackElo "2236"]

1.Nf3 g6 2.d4 Bg7 3.c4 Nf6 4.Nc3 O-O 5.e4 d6 6.Be2 e5 7.O-O Nc6 8.d5 Ne7 9.Ne1
c6 10.Be3 Ne8 11.b4 f5 12.f3 Nf6 13.Rc1 f4 14.Bf2 g5 15.c5 cxd5 16.cxd6 Nc6
17.Nxd5 Qxd6 18.Bc5 Qd8 19.Bc4 Kh8 20.Bxf8 Bxf8 21.Nxf6 Qxf6 22.Qd5 Kg7 23.a3
a5 24.b5 Nd4 25.a4 Kh6 26.Kh1 Ba3 27.Nd3 Bxc1 28.Rxc1 Ne2 29.Ra1 g4 30.Nxe5
{#r} 1-0

[Event "Ch World (students)"]
[Site "masterchessopen.com Graz (Austria)"]
[Round "4"]
[White "Timman Jan H (NED)"]
[Black "Cvetkovic Srdjan (SRB)"]
[Result "0-1"]
[WhiteElo "2480"]
[BlackElo "2460"]

1.c4 Nf6 2.Nf3 g6 3.Nc3 Bg7 4.e4 d6 5.d4 O-O 6.Be2 e5 7.O-O Nc6 8.d5 Ne7 9.Ne1
Ne8 10.Nd3 f5 11.f4 c6 12.exf5 cxd5 13.fxe5 Nxf5 14.Nxd5 dxe5 15.Nc5 Ned6
16.Bd3 Qh4 17.Bxf5 Bxf5 18.b3 Bc2 19.Rxf8+ Rxf8 20.Qe2 Qd4+ 21.Ne3 Qxa1
22.Qxc2 Bh6 {#R} 0-1

[Event "Ch Yugoslavia (team)"]
[Site "masterchessopen.com Cetinje (Montenegro)"]
[Round "0"]
[White "Miladinovic Igor (SRB)"]
[Black "Jovanovic Srdjan (SRB)"]
[Result "1-0"]
[WhiteElo "2560"]
[BlackElo "2136"]

1.d4 Nf6 2.c4 g6 3.Nc3 Bg7 4.e4 d6 5.Nf3 O-O 6.Be2 e5 7.O-O Nc6 8.d5 Ne7 9.Ne1
Ne8 10.Nd3 f5 11.f3 Nf6 12.g4 c5 13.Be3 Rb8 14.Rb1 Bd7 15.h3 b6 16.b4 Qc7
17.Qd2 Rfc8 18.Rb3 a5 19.bxc5 bxc5 20.Rfb1 a4 21.R3b2 Qa5 {#r} 1-0

[Event "Ch Yugoslavia (team) (2 liga)"]
[Site "masterchessopen.com Tivat (Yugoslavia)"]
[Round "2"]
[White "Trifunovic Miroljub (SRB)"]
[Black "Pejovic Branko (MNE)"]
[Result "0-1"]
[WhiteElo "2295"]
[BlackElo "2220"]

1.d4 g6 2.c4 Nf6 3.Nc3 Bg7 4.e4 d6 5.Be2 O-O 6.Nf3 e5 7.O-O Nc6 8.d5 Ne7 9.Ne1
Ne8 10.Nd3 f5 11.f4 h6 12.exf5 Nxf5 13.fxe5 dxe5 14.Nf2 Nd4 15.Bd3 Bf5 16.Nce4
Nd6 17.Be3 Nxe4 18.Nxe4 Qh4 19.Ng3 Rae8 20.Nxf5 Nxf5 21.Bf2 Qe7 22.Re1 b6
23.Qg4 Qf6 24.Be4 h5 25.Qe2 Qg5 26.Rf1 h4 27.Qd3 Rf6 28.Qh3 Ref8 29.Rfe1 Qd2
30.d6 cxd6 31.Bxh4 Nxh4 32.Qxh4 Bh6 33.Qg3 Qd4+ 34.Kh1 Qxe4 {#R} 0-1

[Event "Cup Bodensee"]
[Site "masterchessopen.com Baden (Germany)"]
[Round "0"]
[White "Doettling Fabian (GER)"]
[Black "Zwanzger Johannes (GER)"]
[Result "1-0"]
[WhiteElo "2175"]
[BlackElo "2326"]

1.d4 Nf6 2.c4 d6 3.Nf3 g6 4.Nc3 Bg7 5.e4 O-O 6.Be2 e5 7.O-O Nc6 8.d5 Ne7 9.Ne1
a5 10.Nd3 Ne8 11.f3 f5 12.Be3 f4 13.Bf2 h5 14.c5 g5 15.Rc1 Ng6 16.cxd6 cxd6
17.Na4 b5 18.Nb6 Rb8 19.Nxc8 Rxc8 20.Rxc8 Qxc8 21.Qc1 Nf6 22.Qxc8 Rxc8 23.Rc1
Rb8 24.Rc6 Bf8 25.Rb6 Rxb6 26.Bxb6 a4 27.Nb4 Nd7 28.Bf2 Nc5 29.Bxb5 a3 30.bxa3
Kf7 31.a4 Ke7 32.Nc6+ {#r} 1-0

[Event "Cup Doeberl"]
[Site "masterchessopen.com Canberra (Australia)"]
[Round "4"]
[White "Smirnov Vladimir S (RUS)"]
[Black "Jones Brian (AUS)"]
[Result "1-0"]
[WhiteElo "2254"]
[BlackElo "2196"]

1.d4 Nf6 2.Nf3 g6 3.c4 Bg7 4.Nc3 O-O 5.e4 d6 6.Be2 e5 7.O-O Nc6 8.d5 Ne7 9.Ne1
Ne8 10.Nd3 f5 11.f4 fxe4 12.Nxe4 Bf5 13.Bf3 c6 14.Qb3 cxd5 15.cxd5 Bxe4
16.Bxe4 Nf6 17.Re1 Qa5 18.fxe5 Ng4 19.Bg5 Nf5 20.exd6 Nxd6 21.Bf3 Nf6 22.Re6
Rad8 23.Rc1 h6 24.Bf4 Nde8 25.Rc5 {#r} 1-0

[Event "Cup Doeberl"]
[Site "masterchessopen.com Canberra (Australia)"]
[Date "2003.04.18"]
[Round "2"]
[White "Harp Joel (AUS)"]
[Black "Szuveges Narelle (AUS)"]
[Result "1-0"]
[WhiteElo "2074"]
[BlackElo "1901"]

1.d4 Nf6 2.c4 g6 3.Nc3 Bg7 4.e4 d6 5.Be2 O-O 6.Nf3 e5 7.O-O Nc6 8.d5 Ne7 9.Ne1
Ne8 10.f4 f5 11.fxe5 Bxe5 12.Bh6 Bg7 13.Bxg7 Nxg7 14.Nd3 fxe4 15.Rxf8+ Qxf8
16.Nxe4 Bf5 17.Ndf2 Bxe4 18.Nxe4 Qf5 19.Qd4 Qe5 20.Qxe5 dxe5 21.Nf6+ Kh8
22.Bd3 Nef5 23.Re1 Ne8 24.Nd7 Kg7 25.Rxe5 Nf6 26.Bxf5 gxf5 27.Re7+ Kg6 28.Re6
{#r} 1-0

[Event "Cup Governor's (open)"]
[Site "masterchessopen.com Nachod (Czech Republic)"]
[Date "2004.12.28"]
[Round "3"]
[White "Tejkal Jiri (CZE)"]
[Black "Hepnar David (CZE)"]
[Result "1-0"]
[WhiteElo "2061"]
[BlackElo "1792"]

1.d4 Nf6 2.Nf3 g6 3.c4 Bg7 4.Nc3 d6 5.e4 O-O 6.Be2 e5 7.O-O Nc6 8.d5 Ne7 9.Ne1
Ne8 10.f3 f5 11.Be3 f4 12.Bf2 g5 13.g4 Nf6 14.c5 h5 15.h3 hxg4 16.hxg4 Kf7
17.Kg2 Rh8 18.Nd3 Bd7 19.cxd6 cxd6 20.Rc1 b6 21.Qb3 Neg8 22.Qa3 Bf8 23.Rh1 Nh6
24.Nb4 Kg6 25.Qa6 Be7 26.Nc6 Bc8 27.Nxd8 Bxa6 28.Bxa6 Rhxd8 29.Nb5 Rd7 30.Rc8
Rxc8 31.Bxc8 Rd8 32.Nxa7 Nd7 33.Nc6 {#r} 1-0